Score 0/9 Timer 02:00
2 Plays Today
Character Name % Correct
Olivia Pope
98.3%
President Fitzgerald 'Fitz' Grant
90.1%
Huck
90%
Mellie Grant
82.8%
Quinn Perkins
81.4%
Cyrus Beene
80.4%
Abby Whelan
74%
Harrison Wright
71%
David Rosen
67.1%
Remove Ads.
Support Sporcle.
Get the best of Sporcle when you Go Orange. This ad-free experience offers more features, more stats, and more fun while also helping to support Sporcle. Thank you for becoming a member.

You're not logged in!

Compare scores with friends on all Sporcle quizzes.
OR
Log In

Show Comments

Extras

Top Quizzes Today


Score Distribution

Your Account Isn't Verified!

In order to create a playlist on Sporcle, you need to verify the email address you used during registration. Go to your Sporcle Settings to finish the process.

Report this User

Report this user for behavior that violates our Community Guidelines.

Details: